000 01022nam a2200265 a 4500
001 BRCA_1804
005 20190320203545.0
008 911101s1990 mx-a---##b---f001-0#spa-d
020 _a968361602X
040 _aIQU
_cIQU
_dIXA
050 4 _aN6415.B3
_b.F47 1990
100 1 _aFernández García, Martha
_9693
245 1 0 _aArtificios del barroco
_bMéxico y Puebla en el siglo XVII
_cMartha Fernández García.
260 _aMéxico
_bUNAM, Coordinación de Humanidades
_c1990
300 _a185 p.
_bil. (algunas a color)
_c24 cm.
500 _aIncluye índice de artistas, índice de obras de arte, lista de láminas y lista de ilustraciones
500 _aColección Sonia Corcuera de Mancera
504 _aBibliografía: p. 161-165
650 1 4 _aArquitectura barroca
_zMéxico
_923
650 1 4 _aArquitectura barroca
_zPuebla (México)
_95614
651 4 _aCiudad de México
_xEdificios, estructuras, etc.
_91264
651 4 _aPuebla (México)
_xEdificios, estructuras, etc.
_93182
902 _aDSC
942 _2lcc
_cB
999 _c1585
_d1585